[Event "4NCL-chT rapid"]
[Site "Daventry"]
[Date "2013.10.05"]
[Round "2.5"]
[White "Piper, Matthew"]
[Black "Pein, Malcolm"]
[Result "1/2-1/2"]
[WhiteElo "2362"]
[BlackElo "2371"]
[PlyCount "108"]
[EventDate "2013.10.05"]
[EventType "team-swiss (rapid)"]
[EventRounds "7"]
[EventCountry "ENG"]
[SourceTitle "CBM 156 Extra"]
[Source "ChessBase"]
[SourceDate "2013.10.22"]
[SourceVersion "1"]
[SourceVersionDate "2013.10.22"]
[SourceQuality "1"]
[WhiteTeam "Barbican"]
[BlackTeam "CSC"]
[WhiteTeamCountry "ENG"]
[BlackTeamCountry "ENG"]

1. e4 c5 2. Nc3 e6 3. g3 Nc6 4. Bg2 a6 5. Nge2 b5 6. 0-0 Bb7 7. d4 cxd4 8. Nxd4 Qc7 9. Re1 Be7 10. a3 d6 11. Nxc6 Qxc6 12. Qg4 h5 13. Qe2 h4 14. Be3 Nf6 15. Rad1 hxg3 16. hxg3 Rc8 17. Rd2 Qc4 18. Qxc4 Rxc4 19. Rd4 Rc7 20. Rd2 Ng4 21. Bd4 Ne5 22. Bxe5 dxe5 23. Na2 0-0 24. Red1 Rfc8 25. c3 Kf8 26. Nb4 Ke8 27. Nd3 Bg5 28. f4 exf4 29. gxf4 Be7 30. e5 Bxg2 31. Kxg2 Rd8 32. Nb4 Rxd2+ 33. Rxd2 a5 34. Nc2 g5 35. Kf3 Rc4 36. Rd4 Rc5 37. Ke4 gxf4 38. Ne1 f6 39. Nd3 fxe5 40. Nxc5 exd4 41. Nxe6 dxc3 42. bxc3 Kd7 43. Nd4 Bxa3 44. Nxb5 Bc1 45. Nd4 a4 46. Kd3 Kd6 47. Kc4 a3 48. Kb3 Kd5 49. Ne2 f3 50. c4+ Ke4 51. Ng3+ Kd4 52. Nf5+ Kc5 53. Ng3 f2 54. Nf1 Bf4 1/2-1/2

[Event "London Classic op"]
[Site "London"]
[Date "2010.12.09"]
[Round "2"]
[White "Zymberi, Astrit"]
[Black "Piper, Matthew"]
[Result "0-1"]
[WhiteElo "2148"]
[BlackElo "2343"]
[PlyCount "72"]
[EventDate "2010.12.08"]
[EventType "swiss"]
[EventRounds "9"]
[EventCountry "ENG"]
[SourceTitle "CBM 139 Extra"]
[Source "ChessBase"]
[SourceDate "2011.01.05"]
[SourceVersion "1"]
[SourceVersionDate "2011.01.05"]
[SourceQuality "1"]

1. d4 Nf6 2. c4 e6 3. Nf3 Bb4+ 4. Bd2 Qe7 5. g3 Nc6 6. Bg2 Bxd2+ 7. Nbxd2 d6 8. e4 a5 9. 0-0 e5 10. d5 Nb8 11. Ne1 h5 12. h4 0-0 13. Nd3 c6 14. b3 Na6 15. a3 Bd7 16. Qe2 Rfe8 17. Rae1 Rac8 18. Qe3 Qd8 19. f3 cxd5 20. exd5 b5 21. Qa7 Ra8 22. Qf2 bxc4 23. bxc4 Rb8 24. Rb1 Bf5 25. Rxb8 Qxb8 26. Ne4 Bxe4 27. fxe4 Qc7 28. Rc1 Ng4 29. Qf3 Qb6+ 30. Kh1 Qb3 31. Ne1 Rb8 32. Rc3 Qb1 33. Qe2 Rb2 34. Qf1 Rf2 35. Qg1 Nc5 36. Nf3 Qb2 0-1

[Event "London Classic op"]
[Site "London"]
[Date "2009.12.13"]
[Round "7"]
[White "Berzinsh, Roland"]
[Black "Piper, Matthew"]
[Result "1/2-1/2"]
[WhiteElo "2424"]
[BlackElo "2304"]
[PlyCount "105"]
[EventDate "2009.12.08"]
[EventType "swiss"]
[EventRounds "9"]
[EventCountry "ENG"]
[SourceTitle "CBM 133 Extra"]
[Source "ChessBase"]
[SourceDate "2010.01.05"]
[SourceVersion "1"]
[SourceVersionDate "2010.01.05"]
[SourceQuality "1"]

1. e4 e5 2. Nf3 Nc6 3. Bb5 Nf6 4. 0-0 Bc5 5. Nxe5 Nxe4 6. Qe2 Nxe5 7. d4 Qe7 8. Qxe4 Nc6 9. Qxe7+ Bxe7 10. c3 0-0 11. Re1 Bf6 12. Bf4 d6 13. Nd2 Bf5 14. Nf1 a6 15. Ba4 Ne7 16. Ng3 Bg6 17. Ne4 Bxe4 18. Rxe4 Nd5 19. Bg3 Nb6 20. Bb3 Rfe8 21. f3 Re7 22. Rxe7 Bxe7 23. Re1 Kf8 24. Kf1 Re8 25. Bc2 Bd8 26. Rxe8+ Kxe8 27. Ke2 g6 28. Bf4 Kd7 29. b4 d5 30. g4 Nc4 31. Bg3 Ke6 32. a4 c6 33. a5 Nd6 34. h4 Nb5 35. Be1 Bc7 36. Bd2 Nd6 37. h5 Nc4 38. Bc1 Nd6 39. Kf2 Bd8 40. Kg3 Nb5 41. Bd2 Bc7+ 42. Kh3 Bd8 43. Bd3 Be7 44. g5 Bd8 45. Kg4 Bc7 46. Bf1 Nd6 47. Bf4 Bd8 48. Bxd6 Kxd6 49. Bd3 Ke6 50. Bf1 f5+ 51. gxf6 Kxf6 52. Bh3 b6 53. hxg6 1/2-1/2

[Event "London Classic op"]
[Site "London"]
[Date "2009.12.08"]
[Round "1"]
[White "Piper, Matthew"]
[Black "Doran, Chris"]
[Result "1/2-1/2"]
[WhiteElo "2304"]
[BlackElo "1963"]
[PlyCount "68"]
[EventDate "2009.12.08"]
[EventType "swiss"]
[EventRounds "9"]
[EventCountry "ENG"]
[SourceTitle "CBM 133 Extra"]
[Source "ChessBase"]
[SourceDate "2010.01.05"]
[SourceVersion "1"]
[SourceVersionDate "2010.01.05"]
[SourceQuality "1"]

1. e4 c5 2. Nc3 Nc6 3. g3 g6 4. Bg2 Bg7 5. d3 d6 6. Bg5 Nf6 7. h3 0-0 8. Qd2 Nd4 9. Nce2 Qb6 10. c3 Nxe2 11. Nxe2 Bd7 12. 0-0 Bc6 13. Be3 Qa6 14. Qc2 b5 15. d4 Rac8 16. d5 Ba8 17. b3 e6 18. Rad1 exd5 19. exd5 c4 20. b4 Rfe8 21. Bd4 Nd7 22. Bxg7 Kxg7 23. Rfe1 Ne5 24. Nf4 Re7 25. Re3 Rce8 26. Rde1 Qb6 27. h4 Bb7 28. Qd2 Bc8 29. Qd4 Kf8 30. Ne2 Qxd4 31. Nxd4 a6 32. Kf1 Nd3 33. Rxe7 Rxe7 34. Rxe7 Kxe7 1/2-1/2

[Event "4NCL 9495 2nd Season"]
[Site "England"]
[Date "1995.05.20"]
[Round "11.3"]
[White "Franklin, Michael J"]
[Black "Piper, Matthew"]
[Result "1/2-1/2"]
[WhiteElo "2240"]
[BlackElo "2285"]
[PlyCount "65"]
[EventDate "1994.10.01"]
[EventType "team-tourn"]
[EventRounds "11"]
[EventCountry "GBR"]
[SourceTitle "EXT 2022"]
[Source "ChessBase"]
[SourceDate "2021.10.06"]
[SourceVersion "1"]
[SourceVersionDate "2021.10.06"]
[SourceQuality "1"]
[WhiteTeam "Covent Garden"]
[BlackTeam "Barbican"]
[WhiteTeamCountry "ENG"]
[BlackTeamCountry "ENG"]

1. d4 Nf6 2. Nf3 c5 3. e3 e6 4. c3 b6 5. Nbd2 Be7 6. Bd3 Ba6 7. Bxa6 Nxa6 8. Qe2 Nc7 9. 0-0 0-0 10. e4 d5 11. e5 Nd7 12. Re1 b5 13. dxc5 Nxc5 14. Nd4 Qd7 15. N2b3 a5 16. Be3 a4 17. Nxc5 Bxc5 18. a3 f6 19. exf6 Rxf6 20. Nf3 Bxe3 21. Qxe3 Raf8 22. Rad1 Ne8 23. Nd4 Nc7 24. Rd2 Qd6 25. Nf3 Na6 26. Ne5 Nc5 27. f3 Nd7 28. Rd4 Nxe5 29. Qxe5 Qxe5 30. Rxe5 Rc8 31. Rb4 Rc5 32. Kf2 Kf7 33. Re2 1/2-1/2

[Event "4NCL 9495 2nd Season"]
[Site "England"]
[Date "1995.03.19"]
[Round "10.4"]
[White "Wallace, Paul Anthony"]
[Black "Piper, Matthew"]
[Result "0-1"]
[WhiteElo "2230"]
[BlackElo "2285"]
[PlyCount "61"]
[EventDate "1994.10.01"]
[EventType "team-tourn"]
[EventRounds "11"]
[EventCountry "GBR"]
[SourceTitle "EXT 2022"]
[Source "ChessBase"]
[SourceDate "2021.10.06"]
[SourceVersion "1"]
[SourceVersionDate "2021.10.06"]
[SourceQuality "1"]
[WhiteTeam "Na Fianna"]
[BlackTeam "Barbican"]
[WhiteTeamCountry "IRL"]
[BlackTeamCountry "ENG"]

1. e4 e5 2. Nc3 Nf6 3. f4 d5 4. fxe5 Nxe4 5. Nf3 Be7 6. Qe2 Nxc3 7. dxc3 0-0 8. Bf4 c6 9. Qd2 Nd7 10. 0-0-0 Nc5 11. Bd3 Qa5 12. Kb1 Be6 13. Nd4 Nxd3 14. Qxd3 Rad8 15. h4 Qc7 16. g4 Bxg4 17. Rdg1 h5 18. Nf5 Qd7 19. Ne3 f5 20. exf6 Rxf6 21. Nxg4 hxg4 22. Bg5 Rf7 23. a3 Rdf8 24. Ka2 Bc5 25. Be3 Rf3 26. Bxc5 Rxd3 27. cxd3 Rf3 28. Rh2 Rxd3 29. Rhg2 b6 30. Bd4 c5 31. Be5 0-1

[Event "4NCL 9495 2nd Season"]
[Site "England"]
[Date "1995.01.21"]
[Round "5.2"]
[White "Piper, Matthew"]
[Black "Littlewood, Paul E"]
[Result "1/2-1/2"]
[WhiteElo "2285"]
[BlackElo "2445"]
[PlyCount "38"]
[EventDate "1994.10.01"]
[EventType "team-tourn"]
[EventRounds "11"]
[EventCountry "GBR"]
[SourceTitle "EXT 2022"]
[Source "ChessBase"]
[SourceDate "2021.10.06"]
[SourceVersion "1"]
[SourceVersionDate "2021.10.06"]
[SourceQuality "1"]
[WhiteTeam "Barbican"]
[BlackTeam "Wood Green"]
[WhiteTeamCountry "ENG"]
[BlackTeamCountry "ENG"]

1. e4 e5 2. Nf3 Nc6 3. Nc3 Nf6 4. d4 exd4 5. Nxd4 Bb4 6. Nxc6 bxc6 7. Bd3 d6 8. 0-0 Ng4 9. h3 Ne5 10. Be2 Qh4 11. f4 Ng6 12. Qe1 Qxe1 13. Rxe1 0-0 14. Bf3 Rb8 15. Kh2 Nh4 16. a3 Nxf3+ 17. gxf3 Bxc3 18. bxc3 Ba6 19. a4 Bc4 1/2-1/2

[Event "4NCL 9495 2nd Season"]
[Site "England"]
[Date "1994.11.27"]
[Round "4.3"]
[White "Piper, Matthew"]
[Black "Houska, Miroslav"]
[Result "1/2-1/2"]
[WhiteElo "2285"]
[BlackElo "2245"]
[PlyCount "82"]
[EventDate "1994.10.01"]
[EventType "team-tourn"]
[EventRounds "11"]
[EventCountry "GBR"]
[SourceTitle "EXT 2022"]
[Source "ChessBase"]
[SourceDate "2021.10.06"]
[SourceVersion "1"]
[SourceVersionDate "2021.10.06"]
[SourceQuality "1"]
[WhiteTeam "Barbican"]
[BlackTeam "Slough"]
[WhiteTeamCountry "ENG"]
[BlackTeamCountry "ENG"]

1. e4 c5 2. Nf3 e6 3. b3 Nc6 4. Bb5 Nge7 5. 0-0 a6 6. Bxc6 Nxc6 7. Bb2 d6 8. d4 cxd4 9. Nxd4 e5 10. Ne2 Be7 11. Nbc3 0-0 12. Nd5 Be6 13. Ba3 Re8 14. Ng3 Bf8 15. Nf5 Qa5 16. Bxd6 Bxf5 17. Bc7 Qc5 18. Bb6 Qd6 19. exf5 Nb4 20. Nxb4 Qxb4 21. Be3 Rad8 22. Qe1 Qg4 23. f6 gxf6 24. f3 Qc8 25. c4 Rd3 26. Kh1 Kh8 27. Rd1 Qd7 28. Bb6 Re6 29. c5 f5 30. Rxd3 Qxd3 31. Qf2 Be7 32. Re1 Bf6 33. Qe3 Qxe3 34. Rxe3 e4 35. fxe4 fxe4 36. g4 Bd4 37. Re2 h5 38. h3 e3 39. Kg2 Kg7 40. b4 hxg4 41. hxg4 Kg6 1/2-1/2